Podniky - nositelé tržního hospodářství.

Definícia obsahu prevádzky. Ekonomické a právne hľadisko hospodárskej činnosti. Formy hospodárstva. Podnik ako osoba (fyzické a právnické osoby). Podnikateľské formy poľnohospodárskeho podniku.

Salvato in:
Dettagli Bibliografici
Autore principale: Krotil, V.
Natura: Capitolo di libro
Lingua:ceco
Soggetti:
Tags: Aggiungi Tag
Nessun Tag, puoi essere il primo ad aggiungerne!!

MARC

LEADER 00000naa a2200000 4500
001 r012714
005 20220826094532.7
041 0 |a cze 
044 |a SK 
245 1 0 |a Podniky - nositelé tržního hospodářství.  |c V. Krotil 
520 |a Definícia obsahu prevádzky. Ekonomické a právne hľadisko hospodárskej činnosti. Formy hospodárstva. Podnik ako osoba (fyzické a právnické osoby). Podnikateľské formy poľnohospodárskeho podniku. 
610 2 0 |a podnik poľnohospodársky 
610 2 0 |a prevádzky 
610 2 0 |a činnosť hospodárska 
610 2 0 |a podnikanie 
610 2 0 |a podnik 
610 2 0 |a hospodárstvo trhové 
100 1 |a Krotil, V.